000 00406 a2200157 4500
001 63352
040 _cAnchieta - Pituba
100 _aANDRADE, José Jackson de Souza
240 1 0 _a1ª Avaliação de Geografia, III Unidade
_lpor
245 1 0 _a1ª Avaliação de Geografia, III Unidade
300 _a8
362 0 _a2017
440 1 _aColégio Anchieta
650 4 _aGeografia e História
942 _cBK
999 _c63352
_d63352